000 02008nam a2200277Ia 4500
003 Ost
005 20260507074919.0
008 260507s9999||||xx |||||||||||||| ||und||
020 _a9957110144
040 _cfsecg
041 _aara
082 _a658.3
100 _aعباس، سهيلة محمود
_eمؤلف
245 0 _aإدارة الموارد البشرية /
_c سهيلة محمود عباس
250 _aطبعة 3
260 _aعمان:
_bدار وائل,
_c2007
300 _a409 صفحة؛
_bإيضاحات ؛
_c24 سم
504 _aببليوغرافيا: ص.399
520 _aادارةالافراد (الاهداف والسياسات) -تحليل الاعمال -تخطيط المراد البشرية -تحديد المراد لابشرية -تحديد مصادر الحصول على الموارد البشرية -الأختار والتعيين -تكييف الافراد العاملين للمنظمة -تدريب الافراد العاملين -التطوير الاداري والتنظيمي -التخطيط والتطوير المهني الافراد العاملين -الدافع والرضا عن العمل -تطبيقات نظريات الدوافع في الواقع العمل -الروح المعنوية الافراد العاملين -تقييم اداء الافراد العاملين -ادارة المكافىت والعوائد وسياسات الدفع -تقويم الاعمال وبناء هيكل الاجور -انضباط الافراد العاملين -الفوائد والخدمات المقدمة الافراد العاملين -البرامج الصحية والامن الصناعي -حركة الافراد العاملين -قضايا ومشاكل معاصرة في ادارة الافراد.
653 _aادارة الافراد
653 _aالتخطيط
653 _aالعلوم اجتماعية
653 _aالقوى العاملة
700 _aعلي، حسين علي
_eمؤلف ثانوي
942 _cكتاب
999 _c41785
_d41785